000
00310nam a22001337a 4500
008
170227b xxu||||| |||| 00| 0 eng d
020
_a
047109935X
041
_a
eng
080
_2
6TH
_a
577
100
_a
5
101
_a
SHMD
245
_a
ELEMENTS OF GENERAL BIOLOGICAL CHEMISTRY
_c
HOLUM, J.R
942
_2
udc
_c
BK
999
_c
6313
_d
6313